[Event "Cto Aragón Equipos Pref Gr II"]
[Site "Aragon"]
[Date "2015.01.24"]
[Round "1.54"]
[White "Alonso Blasco, Jose Miguel"]
[Black "Serrat Claver, David"]
[Result "1-0"]
[WhiteElo "2078"]
[BlackElo "1844"]
[PlyCount "129"]
[EventDate "2015.01.24"]
[WhiteTeam "Las Fuentes"]
[BlackTeam "Agrupacion B"]

1. e4 e5 2. Nf3 Nc6 3. Bb5 d6 4. d4 Bd7 5. Nc3 exd4 6. Nxd4 g6 7. O-O Bg7 8.
Be3 Nf6 9. Bxc6 bxc6 10. f3 O-O 11. Qd2 Rb8 12. b3 c5 13. Nde2 Qe7 14. Rad1 Bc8
15. Rfe1 Ba6 16. Bg5 Bb7 17. Kh1 a6 18. Nf4 Qe5 19. Nd3 Qe8 20. e5 dxe5 21.
Rxe5 Qd7 22. Rxc5 Rbd8 23. Bf4 Qd4 24. Rc4 Qa7 25. Rxc7 Nd5 26. Nxd5 Rxd5 27.
Qb4 Rb5 28. Qe7 Qa8 29. Rf1 Bd5 30. c4 Re8 31. Qh4 Ra5 32. cxd5 Qxd5 33. Nc1 g5
34. Bxg5 Qxg5 35. Qxg5 Rxg5 36. Rc2 Rh5 37. f4 Bd4 38. g3 Re3 39. Rd1 Bb6 40.
Rc6 Ba7 41. Rxa6 Bc5 42. Rc6 Ba3 43. Rc2 Rxg3 44. Rg1 Rxg1+ 45. Kxg1 Rf5 46.
Ne2 Bd6 47. a4 Bb4 48. Rc4 Bd2 49. b4 Rf6 50. b5 Kf8 51. Kg2 Ke8 52. Kf3 Kd7
53. Rd4+ Rd6 54. Ke4 Kc7 55. Rxd6 Kxd6 56. Kd4 Ba5 57. h3 f6 58. Ng3 Ke6 59.
f5+ Kd6 60. Ne4+ Ke7 61. Kd5 h6 62. Nd6 Kd7 63. Nc4 Bd8 64. a5 Kc7 65. Ke6 1-0

[Event "Cto Aragón Equipos Pref Gr II"]
[Site "Aragon"]
[Date "2015.01.24"]
[Round "1.55"]
[White "Subira Navarro, Oscar"]
[Black "Mombiela De Sus, Jose Luis"]
[Result "1-0"]
[WhiteElo "1767"]
[BlackElo "1999"]
[PlyCount "120"]
[EventDate "2015.01.24"]
[WhiteTeam "Agrupacion B"]
[BlackTeam "Las Fuentes"]

1. e4 d5 2. Nf3 dxe4 3. Ng5 Nf6 4. Bc4 e6 5. Nc3 Be7 6. Ngxe4 Nc6 7. O-O O-O 8.
Re1 Rb8 9. Nxf6+ Bxf6 10. Ne4 Be7 11. d3 Na5 12. Bb3 Nxb3 13. axb3 a6 14. Qh5
Qd5 15. Qh3 f5 16. Ng5 Bxg5 17. Bxg5 f4 18. Be7 Rf7 19. Bb4 e5 20. Qh5 Bf5 21.
Ra5 b5 22. Qf3 Rd8 23. Qxd5 Rxd5 24. Rxa6 c5 25. Ra8+ Rf8 26. Rxf8+ Kxf8 27.
Bc3 Kf7 28. Bxe5 c4 29. bxc4 bxc4 30. dxc4 Rd2 31. b4 Rxc2 32. c5 Rc4 33. c6
Rxc6 34. Bxf4 Rb6 35. Bd2 Rd6 36. Be3 Bd3 37. Bc5 Rd7 38. f3 Bb5 39. Kf2 Kf6
40. Kg3 Kf7 41. Re4 g6 42. h4 Kf6 43. Kf4 Bc6 44. Re3 Rf7 45. g4 Kg7+ 46. Kg3
Rd7 47. g5 Kf7 48. Ra3 Bb5 49. Kf4 Ke6 50. Re3+ Kf7 51. Re5 Bc6 52. Ke3 Bb5 53.
Bd4 Re7 54. Rxe7+ Kxe7 55. Bf6+ Kd7 56. Kd4 Kd6 57. Bg7 Be2 58. Bf8+ Kc6 59. f4
Kd7 60. Ke5 Ke8 1-0

[Event "Cto Aragón Equipos Pref Gr II"]
[Site "Aragon"]
[Date "2015.01.24"]
[Round "1.56"]
[White "Javierre Conesa, Alfonso"]
[Black "Zubialde Ayala, Gonzalo"]
[Result "0-1"]
[WhiteElo "1955"]
[BlackElo "1751"]
[PlyCount "48"]
[EventDate "2015.01.24"]
[WhiteTeam "Las Fuentes"]
[BlackTeam "Agrupacion B"]

1. d4 f5 2. c4 e6 3. Nc3 Nf6 4. Nf3 c6 5. e3 d5 6. Be2 Nbd7 7. O-O Bd6 8. a3
Ne4 9. Qc2 Ndf6 10. b4 Bd7 11. Bb2 O-O 12. Nxe4 Nxe4 13. Ne5 Be8 14. Rac1 Qh4
15. f4 Rf6 16. Nf3 Qh6 17. Bd3 Qh5 18. cxd5 exd5 19. Bxe4 fxe4 20. Ne5 Rh6 21.
g4 Qh3 22. Qe2 Rh4 23. g5 Bxe5 24. fxe5 Bh5 0-1

[Event "Cto Aragón Equipos Pref Gr II"]
[Site "Aragon"]
[Date "2015.01.24"]
[Round "1.59"]
[White "Perez Boy, Pedro"]
[Black "Vasilev, Vas"]
[Result "0-1"]
[WhiteElo "1816"]
[BlackElo "1943"]
[PlyCount "51"]
[EventDate "2015.01.24"]
[WhiteTeam "Santa Isabel"]
[BlackTeam "Caissa B"]

1. e4 g6 2. d4 d6 3. Nf3 Bg7 4. Nc3 a6 5. a4 b6 6. Be3 Bb7 7. Bc4 e6 8. O-O h6
9. Nd2 Ne7 10. f4 d5 11. exd5 exd5 12. Bd3 c5 13. Nf3 Nbc6 14. Bf2 Qd6 15. Bg3
f5 16. Re1 Nb4 17. Nh4 Bxd4+ 18. Kh1 Kf7 19. Rxe7+ Qxe7 20. Bxf5 gxf5 21. Qh5+
Kg7 22. Qxf5 Qf7 23. Qg4+ Kh7 24. f5 Rhg8 25. Qh3 Be3 26. Ne2 0-1

[Event "Cto Aragón Equipos Pref Gr II"]
[Site "Aragon"]
[Date "2015.01.24"]
[Round "1.60"]
[White "Calvo Gutierrez, Rafael"]
[Black "Peris Laorden, Gerardo"]
[Result "0-1"]
[WhiteElo "1691"]
[BlackElo "1784"]
[PlyCount "50"]
[EventDate "2015.01.24"]
[WhiteTeam "Caissa B"]
[BlackTeam "Santa Isabel"]

1. d4 Nf6 2. c4 g6 3. Nc3 Bg7 4. e4 d6 5. Nf3 O-O 6. Be2 Nbd7 7. O-O c5 8. d5
Re8 9. Rb1 Nf8 10. h3 e6 11. Bg5 h6 12. Bh4 g5 13. Bg3 Ng6 14. Bh2 exd5 15.
exd5 g4 16. hxg4 Bxg4 17. Re1 Qd7 18. Qc2 Nh5 19. Nd2 Nhf4 20. Bxg4 Qxg4 21. g3
Bd4 22. Qd1 Bxf2+ 23. Kxf2 Nd3+ 24. Kf1 Rxe1+ 25. Qxe1 Nxe1 0-1

[Event "Cto Aragón Equipos Pref Gr II"]
[Site "Aragon"]
[Date "2015.01.24"]
[Round "1.61"]
[White "Turon Perez, David"]
[Black "Hinojar Basa, Alfonso"]
[Result "0-1"]
[WhiteElo "1932"]
[BlackElo "2204"]
[PlyCount "75"]
[EventDate "2015.01.24"]
[WhiteTeam "Tauste B"]
[BlackTeam "Marcos Frechin"]

1. d4 Nf6 2. Nf3 e6 3. c4 d5 4. Bg5 Be7 5. Nc3 O-O 6. cxd5 Nxd5 7. Bxe7 Qxe7 8.
e3 b6 9. Bd3 Bb7 10. O-O Nd7 11. Rc1 c5 12. a3 Rac8 13. Re1 Nxc3 14. Rxc3 Bxf3
15. Qxf3 cxd4 16. exd4 Rxc3 17. bxc3 Qxa3 18. c4 Qa5 19. Rb1 Nf6 20. h3 Rd8 21.
Qe3 g6 22. d5 Qc5 23. Qf4 Kg7 24. Rb5 Qd6 25. Qd4 e5 26. Qe3 Nd7 27. g4 Nc5 28.
Bf1 f5 29. Bg2 f4 30. Qc3 Qf6 31. Qa3 Rd7 32. Rxc5 bxc5 33. Qxc5 Qd6 34. Qa5
Rc7 35. Bf1 Qc5 36. Qxc5 Rxc5 37. d6 Kf6 38. Bg2 0-1

[Event "Cto Aragón Equipos Pref Gr II"]
[Site "Aragon"]
[Date "2015.01.24"]
[Round "1.62"]
[White "Fuster Garcia, Luis"]
[Black "Muro Turon, Raul"]
[Result "1-0"]
[WhiteElo "2195"]
[BlackElo "1893"]
[PlyCount "55"]
[EventDate "2015.01.24"]
[WhiteTeam "Marcos Frechin"]
[BlackTeam "Tauste B"]

1. e4 e5 2. Nf3 Nc6 3. Bc4 Nf6 4. d3 Bc5 5. O-O O-O 6. c3 a6 7. Bb3 Ba7 8. Nbd2
d5 9. Qe2 Re8 10. Rd1 Ng4 11. Rf1 Nf6 12. h3 Nh5 13. Qd1 Nf4 14. exd5 Nxd5 15.
Ne4 h6 16. Bxh6 Nxc3 17. bxc3 gxh6 18. Qd2 Kg7 19. Bxf7 Rf8 20. Bh5 Bf5 21.
Rad1 Qd7 22. Kh2 Rad8 23. Qe2 Qd5 24. Nh4 Bc8 25. Bg4 Rf4 26. Bxc8 Rxh4 27. g3
Rxc8 28. gxh4 1-0

[Event "Cto Aragón Equipos Pref Gr II"]
[Site "Aragon"]
[Date "2015.01.24"]
[Round "1.63"]
[White "Constin Balesescu, Ion"]
[Black "Portero Garnica, Miguel Angel"]
[Result "0-1"]
[WhiteElo "1767"]
[BlackElo "2130"]
[PlyCount "42"]
[EventDate "2015.01.24"]
[WhiteTeam "Tauste B"]
[BlackTeam "Marcos Frechin"]

1. e4 e5 2. Nf3 Nc6 3. Bc4 Nf6 4. Nc3 Be7 5. a3 O-O 6. d3 d6 7. h3 Be6 8. Nd5
h6 9. Be3 Na5 10. Nxe7+ Qxe7 11. Bxe6 Qxe6 12. Qd2 b6 13. Nh4 d5 14. f3 Rfd8
15. Qc1 c5 16. b3 c4 17. exd5 Nxd5 18. g4 cxd3 19. b4 Nc4 20. Nf5 Ndxe3 21.
Nxe3 d2+ 0-1

[Event "Cto Aragón Equipos Pref Gr II"]
[Site "Aragon"]
[Date "2015.01.24"]
[Round "1.64"]
[White "Fabre Perez, Jose Maria"]
[Black "San Lazaro Lorente, David"]
[Result "0-1"]
[WhiteElo "2038"]
[BlackElo "1751"]
[PlyCount "102"]
[EventDate "2015.01.24"]
[WhiteTeam "Marcos Frechin"]
[BlackTeam "Tauste B"]

1. e4 c6 2. Nf3 d5 3. Nc3 dxe4 4. Nxe4 Nd7 5. Bc4 Ngf6 6. Neg5 Nd5 7. Qe2 h6 8.
Ne4 e6 9. d4 Be7 10. Bd2 N7f6 11. Ng3 O-O 12. Bb3 Bd6 13. Ne5 c5 14. c4 Ne7 15.
dxc5 Bxc5 16. O-O Nc6 17. Nxc6 bxc6 18. Rad1 Qc7 19. Bc3 Be7 20. Bc2 Bb7 21.
Be5 Qa5 22. b4 Qa6 23. Bxf6 Bxf6 24. Qd3 g6 25. Ne4 Bg7 26. Nc5 Qb6 27. Nxe6
fxe6 28. Qxg6 Rf6 29. Qh7+ Kf8 30. Rd7 Rf7 31. Rxf7+ Kxf7 32. Qg6+ Kf8 33. Qxe6
Re8 34. Qf5+ Kg8 35. Qh7+ Kf8 36. c5 Qc7 37. Bb3 Be5 38. Qf5+ Kg7 39. Qf7+ Qxf7
40. Bxf7 Kxf7 41. a4 Bc3 42. b5 Re1 43. b6 axb6 44. cxb6 Rxf1+ 45. Kxf1 Ba6+
46. Kg1 c5 47. g4 Bd4 48. Kg2 c4 49. Kf1 c3+ 50. Ke1 Bxf2+ 51. Kd1 Bxb6 0-1

[Event "Cto Aragón Equipos Pref Gr II"]
[Site "Aragon"]
[Date "2015.01.24"]
[Round "1.65"]
[White "Planas Torrea, Francisco Javie"]
[Black "Juberias Segura, Santiago"]
[Result "1/2-1/2"]
[WhiteElo "2032"]
[BlackElo "2031"]
[PlyCount "75"]
[EventDate "2015.01.24"]
[WhiteTeam "Ejea"]
[BlackTeam "St. Casablanca D"]

1. e4 c5 2. Nf3 d6 3. Bb5+ Bd7 4. Bxd7+ Qxd7 5. c4 Nc6 6. Nc3 g6 7. d4 cxd4 8.
Nxd4 Bg7 9. Nde2 Nf6 10. O-O O-O 11. f3 Rfc8 12. Be3 Na5 13. b3 b6 14. Rc1 Rab8
15. a4 Nb7 16. Rc2 Nc5 17. Rd2 Qb7 18. Nd5 Nxd5 19. Rxd5 a6 20. h4 b5 21. axb5
axb5 22. b4 Ne6 23. Rxb5 Qc7 24. Rxb8 Rxb8 25. Qb3 Bf6 26. Bf2 Nc5 27. Qa3 Ne6
28. c5 dxc5 29. bxc5 Bb2 30. Qd3 Nxc5 31. Qc2 Ne6 32. Qxc7 Nxc7 33. Rb1 Na6 34.
Kf1 Be5 35. Rxb8+ Bxb8 36. Nc3 e6 37. Ke2 Nb4 38. Na4 1/2-1/2

[Event "Cto Aragón Equipos Pref Gr II"]
[Site "Aragon"]
[Date "2015.01.24"]
[Round "1.66"]
[White "Cebollada Pacheco, Jesus Raul"]
[Black "Planas Torrea, Alberto"]
[Result "0-1"]
[WhiteElo "2029"]
[BlackElo "1928"]
[PlyCount "60"]
[EventDate "2015.01.24"]
[WhiteTeam "St. Casablanca D"]
[BlackTeam "Ejea"]

1. e4 e5 2. Nf3 Nc6 3. Bb5 Nge7 4. O-O d6 5. d4 Bd7 6. Nc3 exd4 7. Nd5 Nxd5 8.
exd5 Ne5 9. Bxd7+ Qxd7 10. Nxd4 Be7 11. f4 Ng6 12. a4 O-O 13. Ra3 Bf6 14. Rh3
Rfe8 15. b3 Re4 16. Ne2 Qg4 17. Nc3 Bd4+ 18. Kh1 Qxd1 19. Nxd1 Rae8 20. g4 Re1
21. Kg2 R1e2+ 22. Kh1 Rxc2 23. f5 Rxc1 24. fxg6 hxg6 25. Rhf3 Re2 26. g5 Rcc2
27. Rh3 Rcd2 28. Rh4 a5 29. Rh3 f6 30. gxf6 gxf6 0-1

[Event "Cto Aragón Equipos Pref Gr II"]
[Site "Aragon"]
[Date "2015.01.24"]
[Round "1.67"]
[White "Marcellan Peire, Jesus Eduardo"]
[Black "Garcia Andres, Daniel"]
[Result "0-1"]
[WhiteElo "1912"]
[BlackElo "2017"]
[PlyCount "72"]
[EventDate "2015.01.24"]
[WhiteTeam "Ejea"]
[BlackTeam "St. Casablanca D"]

1. d4 d5 2. c4 e6 3. Nc3 c5 4. Nf3 cxd4 5. Nxd4 e5 6. Nc2 d4 7. Nd5 Bf5 8. e4
Bxe4 9. Ndb4 a5 10. Nd3 Nc6 11. a3 Nf6 12. Bg5 h6 13. Bh4 Qd7 14. f3 Bh7 15.
Bg3 Bd6 16. Be2 O-O 17. Nf2 Rad8 18. Bd3 e4 19. Nxe4 Nxe4 20. fxe4 Bxg3+ 21.
hxg3 Bxe4 22. Qd2 Bxd3 23. Qxd3 Ne5 24. Qe4 d3 25. O-O-O Qc7 26. Ne3 b5 27. b3
bxc4 28. Nxc4 Rfe8 29. Qf4 Qc5 30. Rhe1 d2+ 31. Rxd2 Nd3+ 32. Rxd3 Rxe1+ 33.
Kd2 Rxd3+ 34. Kxd3 Qd5+ 35. Kc3 Re4 36. Qc7 Qd4+ 0-1

[Event "Cto Aragón Equipos Pref Gr II"]
[Site "Aragon"]
[Date "2015.01.24"]
[Round "1.68"]
[White "Zambrana Petisme, Ramiro"]
[Black "Merin Flores, Miguel Angel"]
[Result "0-1"]
[WhiteElo "1908"]
[BlackElo "1712"]
[PlyCount "90"]
[EventDate "2015.01.24"]
[WhiteTeam "St. Casablanca D"]
[BlackTeam "Ejea"]

1. e4 c6 2. d4 d5 3. exd5 cxd5 4. c4 Nf6 5. Nc3 e6 6. Nf3 Be7 7. cxd5 Nxd5 8.
Bd3 Nc6 9. O-O a6 10. Re1 O-O 11. a3 Re8 12. Bc2 Bf6 13. Qd3 g6 14. Bh6 Nde7
15. Ne4 Bh8 16. Bg5 Qb6 17. Bf6 Bg7 18. Bxg7 Kxg7 19. Rad1 Rd8 20. h4 Nf5 21.
d5 exd5 22. Nc3 Be6 23. h5 Nce7 24. hxg6 hxg6 25. Ng5 Rh8 26. Na4 Qc7 27. Nxe6+
fxe6 28. Rxe6 Qh2+ 29. Kf1 Qh1+ 30. Ke2 Qxg2 31. Qc3+ Kh7 32. Bxf5 Nxf5 33.
Qc7+ Kh6 34. Qf4+ Kh7 35. Rc1 Rhe8 36. Rc7+ Kg8 37. Rxe8+ Rxe8+ 38. Kd2 Re4 39.
Rc8+ Kh7 40. Qc7+ Ne7 41. Qc3 d4 42. Qb4 Nxc8 43. Nc5 Qxf2+ 44. Kd1 Qe2+ 45.
Kc1 Qe1+ 0-1

[Event "Cto Aragón Equipos Pref Gr II"]
[Site "Aragon"]
[Date "2015.01.24"]
[Round "1.70"]
[White "De La Riva Fernandez, Eduardo"]
[Black "Valles Mata, David"]
[Result "0-1"]
[WhiteElo "1944"]
[BlackElo "2196"]
[PlyCount "32"]
[EventDate "2015.01.24"]
[WhiteTeam "El Olivar C"]
[BlackTeam "La Aurora Estadilla"]

1. e4 c5 2. Nf3 Nc6 3. d4 cxd4 4. Nxd4 Nf6 5. Nc3 e5 6. Ndb5 d6 7. Bg5 a6 8.
Na3 Be6 9. Bxf6 Qxf6 10. Bc4 b5 11. Bxe6 fxe6 12. Ne2 Rd8 13. c4 d5 14. cxb5
Bb4+ 15. Kf1 O-O 16. bxc6 Qxf2# 0-1

[Event "Cto Aragón Equipos Pref Gr II"]
[Site "Aragon"]
[Date "2015.01.24"]
[Round "1.71"]
[White "Escuer Sanchez, Nestor"]
[Black "Hernandez Delgado, Gabriel"]
[Result "0-1"]
[WhiteElo "2057"]
[BlackElo "1925"]
[PlyCount "120"]
[EventDate "2015.01.24"]
[WhiteTeam "La Aurora Estadilla"]
[BlackTeam "El Olivar C"]

1. d4 Nf6 2. c4 e6 3. Nc3 Bb4 4. a3 Bxc3+ 5. bxc3 b6 6. Bg5 Bb7 7. Nf3 O-O 8.
e3 h6 9. Bh4 d6 10. Bd3 Nbd7 11. O-O Qe7 12. Nd2 e5 13. Qe2 Rae8 14. a4 a5 15.
Rfe1 Qd8 16. f3 Qa8 17. Bb1 g6 18. Nf1 Ba6 19. Qa2 Kg7 20. e4 Nh5 21. Ne3 Ndf6
22. Bc2 Bc8 23. Bb3 Nf4 24. Kh1 Be6 25. Rad1 Nd7 26. Nd5 Bxd5 27. cxd5 g5 28.
Bf2 Qd8 29. Bc4 Ng6 30. Bb5 f6 31. Qc2 Rf7 32. Be3 Ree7 33. Bc1 Kh8 34. g3 Qf8
35. Bd3 Qg7 36. Rg1 Qg8 37. Qg2 Rg7 38. Qh3 Rh7 39. f4 Ngf8 40. fxe5 fxe5 41.
Rdf1 g4 42. Qh4 h5 43. Rf5 Ng6 44. Qg5 Reg7 45. Qe3 h4 46. Kg2 hxg3 47. hxg3
Rh3 48. Kf1 Nh4 49. Rh5+ Rh7 50. Rg5 Qf7+ 51. Rf5 Nxf5 52. exf5 exd4 53. Qxd4+
Qf6 54. Qxf6+ Nxf6 55. c4 Rh1 56. Bg5 Rxg1+ 57. Kxg1 Kg7 58. Be2 Rh5 59. Bxf6+
Kxf6 60. Bxg4 Rg5 0-1

[Event "Cto Aragón Ajedrez Equipos DH Gr I"]
[Site "Aragon"]
[Date "2015.01.31"]
[Round "2.2"]
[White "Garcia Fernandez, Javier"]
[Black "Garza Marco, Sergio"]
[Result "1-0"]
[WhiteElo "2210"]
[BlackElo "2415"]
[PlyCount "108"]
[EventDate "2015.01.24"]
[WhiteTeam "Teruel"]
[BlackTeam "Jaime Casas"]

1. d4 Nf6 2. Nc3 g6 3. Bg5 Bg7 4. Qd2 h6 5. Bxf6 Bxf6 6. O-O-O d6 7. e4 Nd7 8.
h4 c6 9. f4 Bg7 10. g4 Nf6 11. g5 hxg5 12. fxg5 Qa5 13. Bh3 Nh5 14. Bxc8 Rxc8
15. Rh3 c5 16. Nge2 cxd4 17. Nxd4 Qe5 18. Qh2 Nf4 19. Nf3 Qe6 20. Qxf4 Qxh3 21.
e5 dxe5 22. Nxe5 Qf5 23. Qa4+ Kf8 24. Nd7+ Kg8 25. Nd5 Qe6 26. Qb4 Kh7 27. h5
gxh5 28. Nxe7 Qe3+ 29. Kb1 Qe2 30. Rc1 Rc4 31. Qd6 Qe6 32. g6+ Qxg6 33. Nxg6
fxg6 34. Nf6+ Bxf6 35. Qxf6 Rc7 36. Re1 Rg8 37. Re7+ Rxe7 38. Qxe7+ Rg7 39. Qg5
Rf7 40. Kc1 Kg7 41. Kd2 Rf5 42. Qe7+ Rf7 43. Qe5+ Kh6 44. Qh8+ Kg5 45. Ke3 h4
46. Qe5+ Kh6 47. Qd5 Rc7 48. c4 b6 49. b4 Re7+ 50. Kf3 Rh7 51. Kg4 Kg7 52. Qb7+
Kh6 53. Qb8 Rf7 54. Kxh4 g5+ 1-0

[Event "Cto Aragón Ajedrez Equipos DH Gr I"]
[Site "Aragon"]
[Date "2015.01.31"]
[Round "2.3"]
[White "Ramiro Ovejero, Juan Luis"]
[Black "Dominguez Bujeda, Jesus"]
[Result "1-0"]
[WhiteElo "2350"]
[BlackElo "2135"]
[PlyCount "103"]
[EventDate "2015.01.24"]
[WhiteTeam "Jaime Casas"]
[BlackTeam "Teruel"]

1. e4 c5 2. Nf3 g6 3. c3 Bg7 4. d4 cxd4 5. cxd4 d5 6. e5 Bg4 7. Nbd2 Nc6 8. Bb5
Qb6 9. Bxc6+ Qxc6 10. O-O e6 11. h3 Bxf3 12. Nxf3 Ne7 13. Bg5 Qd7 14. Bf6 O-O
15. Qd2 Nf5 16. g4 Ne7 17. h4 Rfc8 18. h5 Bf8 19. Kg2 Qa4 20. b3 Qc6 21. Rh1
Qc2 22. Qg5 h6 23. hxg6 Qxg6 24. Qxg6+ Nxg6 25. g5 hxg5 26. Nxg5 Rc3 27. Rh7
Rac8 28. Rah1 Nf4+ 29. Kh2 Ng6 30. f3 Rc1 31. Rxc1 Rxc1 32. Rxf7 Bh6 33. Rxb7
Bxg5 34. Bxg5 Rc2+ 35. Kg3 Rxa2 36. Bf6 Ra1 37. f4 Kf8 38. f5 exf5 39. e6 Kg8
40. Rg7+ Kf8 41. e7+ Nxe7 42. Rxe7 Rg1+ 43. Kf4 Rg4+ 44. Kxf5 Rxd4 45. Bxd4
Kxe7 46. Bxa7 Kd6 47. b4 Kc6 48. Bc5 Kb5 49. Kf4 d4 50. Kf3 Kc4 51. Ke2 Kc3 52.
Kd1 1-0

[Event "Cto Aragón Ajedrez Equipos DH Gr I"]
[Site "Aragon"]
[Date "2015.01.31"]
[Round "2.4"]
[White "Martin Catalan, Juan Vicente"]
[Black "Fontana Sotomayor, Luis Javier"]
[Result "0-1"]
[WhiteElo "2087"]
[BlackElo "2302"]
[PlyCount "60"]
[EventDate "2015.01.24"]
[WhiteTeam "Teruel"]
[BlackTeam "Jaime Casas"]

1. d4 f5 2. g3 Nf6 3. Bg2 e6 4. Nf3 d5 5. c4 c6 6. O-O Bd6 7. Nc3 O-O 8. Bg5 h6
9. Bf4 Bxf4 10. gxf4 Ne4 11. Qc2 Nd7 12. e3 Qf6 13. Ne5 g5 14. Ne2 Qg7 15. Nxd7
Bxd7 16. fxg5 hxg5 17. f4 Rf6 18. Bxe4 fxe4 19. Kh1 Kh8 20. fxg5 Rxf1+ 21. Rxf1
Qxg5 22. Nf4 Rg8 23. c5 e5 24. dxe5 Bg4 25. Qc1 Bf3+ 26. Rxf3 exf3 27. Qf1 Qh4
28. e6 f2 29. Ng2 Qf6 30. e7 Qf3 0-1

[Event "Cto Aragón Ajedrez Equipos DH Gr I"]
[Site "Aragon"]
[Date "2015.01.31"]
[Round "2.5"]
[White "Gracia Campo, Carlos Alberto"]
[Black "Cebrian Valverde, Jose Antonio"]
[Result "1-0"]
[WhiteElo "2076"]
[BlackElo "2140"]
[PlyCount "73"]
[EventDate "2015.01.24"]
[WhiteTeam "El Olivar B"]
[BlackTeam "San Jose"]

1. e4 e6 2. d4 d5 3. e5 c5 4. c3 Nc6 5. Nf3 Qb6 6. Bd3 cxd4 7. cxd4 Bd7 8. Bc2
Nb4 9. O-O Nxc2 10. Qxc2 Rc8 11. Nc3 Ne7 12. Be3 Nf5 13. g4 Nxe3 14. fxe3 Be7
15. g5 O-O 16. h4 Bb5 17. Rf2 Rc7 18. Nh2 Qa6 19. Rd1 Rfc8 20. Ng4 Qxa2 21.
Nh6+ gxh6 22. Rxf7 Kxf7 23. Qxh7+ Ke8 24. Nxa2 hxg5 25. hxg5 Bxg5 26. Qg8+ Ke7
27. Qxg5+ Kf8 28. Nc3 Rg7 29. Qxg7+ Kxg7 30. Nxb5 Rc2 31. Rf1 Rxb2 32. Nc7 a5
33. Nxe6+ Kh6 34. Nc7 a4 35. e6 a3 36. e7 a2 37. e8=Q 1-0

[Event "Cto Aragón Ajedrez Equipos DH Gr I"]
[Site "Aragon"]
[Date "2015.01.31"]
[Round "2.6"]
[White "Gimeno Oteo, Marco Antonio"]
[Black "Veras Sanz, Marino"]
[Result "1/2-1/2"]
[WhiteElo "2072"]
[BlackElo "2057"]
[PlyCount "89"]
[EventDate "2015.01.24"]
[WhiteTeam "San Jose"]
[BlackTeam "El Olivar B"]

1. e4 c5 2. Nf3 Nc6 3. d4 cxd4 4. Nxd4 g6 5. Nc3 Bg7 6. Be3 Nf6 7. Be2 O-O 8.
Nb3 d6 9. O-O a6 10. a4 Be6 11. f4 Rc8 12. f5 gxf5 13. exf5 Bxb3 14. cxb3 d5
15. Bg5 Ne4 16. Nxe4 dxe4 17. f6 exf6 18. Qxd8 Rcxd8 19. Bxf6 Rd2 20. Bc4 Bxf6
21. Rxf6 Kg7 22. Rf4 f5 23. Raf1 Nd4 24. R1f2 Rxf2 25. Kxf2 Kf6 26. Rh4 b5 27.
axb5 axb5 28. Bf1 Rf7 29. Rh6+ Ke5 30. Rb6 b4 31. Bc4 Rg7 32. g3 f4 33. gxf4+
Kxf4 34. Rf6+ Ke5 35. Rf8 Rg5 36. Re8+ Kf4 37. Re7 Re5 38. Rf7+ Rf5 39. Rxh7
e3+ 40. Ke1 Kf3 41. Rd7 Ke4 42. Re7+ Re5 43. Rxe5+ Kxe5 44. h4 Kf4 45. h5
1/2-1/2

[Event "Cto Aragón Ajedrez Equipos DH Gr I"]
[Site "Aragon"]
[Date "2015.01.31"]
[Round "2.7"]
[White "Bailo Remacha, Santiago"]
[Black "Gutierrez Mingueza, Ruben"]
[Result "1/2-1/2"]
[WhiteElo "2036"]
[BlackElo "2076"]
[PlyCount "136"]
[EventDate "2015.01.24"]
[WhiteTeam "El Olivar B"]
[BlackTeam "San Jose"]

1. d4 Nf6 2. c4 e6 3. Nc3 d5 4. g3 Be7 5. Bg2 O-O 6. c5 b6 7. cxb6 axb6 8. Nf3
c5 9. e3 Ba6 10. Ne5 Nfd7 11. Nd3 Nc6 12. a3 Bf6 13. dxc5 bxc5 14. O-O Nde5 15.
Nxe5 Nxe5 16. Ne2 Rb8 17. Qc2 Qb6 18. Rd1 Bc4 19. Rd2 Bb3 20. Qb1 Qa5 21. Nc3
Nc4 22. Rd3 Nd6 23. Bd2 Qa6 24. Be1 Bc4 25. Rd1 Nb5 26. Qc1 Bb3 27. Rd2 Nxc3
28. bxc3 Qa5 29. Rb2 Rb5 30. Bf1 Bc4 31. Rxb5 Qxb5 32. a4 Qa6 33. Bxc4 Qxc4 34.
Qb2 Qa6 35. Ra2 g6 36. Qb3 Ra8 37. f3 Be7 38. e4 dxe4 39. f4 Bd6 40. c4 Rb8 41.
Qc2 f5 42. a5 Bf8 43. Qa4 Bg7 44. Rc2 Bd4+ 45. Kf1 Qd6 46. a6 Ra8 47. Qb5 Qxa6
48. Qd7 Qc8 49. Qe7 Qe8 50. Qb7 Rb8 51. Qc7 Ra8 52. Qb7 Qc8 53. Qe7 Qe8 54. Qb7
e3 55. Re2 Qb8 56. Qe7 Ra3 57. h4 Qa8 58. Kg1 Bg7 59. Kh2 Ra2 60. Qxe6+ Kh8 61.
Qxe3 Bd4 62. Qe7 Rxe2+ 63. Qxe2 Qd8 64. Qe6 Qg8 65. Qe2 Qf7 66. Ba5 Bf6 67. Bb6
Qe7 68. Qf3 Bd4 1/2-1/2

[Event "Cto Aragón Ajedrez Equipos DH Gr I"]
[Site "Aragon"]
[Date "2015.01.31"]
[Round "2.8"]
[White "Palomar Ramon, Santiago"]
[Black "Arinez Bruna, Octavio"]
[Result "1-0"]
[WhiteElo "1949"]
[BlackElo "1979"]
[PlyCount "83"]
[EventDate "2015.01.24"]
[WhiteTeam "San Jose"]
[BlackTeam "El Olivar B"]

1. Nc3 c5 2. Nf3 Nc6 3. d4 cxd4 4. Nxd4 g6 5. e4 Bg7 6. Be3 Nf6 7. Bc4 Qa5 8.
O-O O-O 9. h3 Qb4 10. Bb3 d6 11. a3 Qa5 12. Bd5 Bd7 13. b4 Qd8 14. Rb1 e6 15.
Ba2 Nxd4 16. Bxd4 a6 17. a4 Rc8 18. a5 Qc7 19. Rb3 Rfd8 20. Bb6 Qc6 21. Bxd8
Rxd8 22. Qd3 Rc8 23. Bb1 Qc7 24. Rd1 Ne8 25. Ne2 Ba4 26. Ra3 Bxc2 27. Bxc2 Qxc2
28. Nd4 Qxd3 29. Raxd3 Rc4 30. b5 Bxd4 31. Rxd4 axb5 32. Rxc4 bxc4 33. Kf1 Kf8
34. Ke2 Nf6 35. Rb1 Nxe4 36. Rxb7 Nc5 37. Ra7 Nb3 38. a6 Nd4+ 39. Kd2 Nb5 40.
Rb7 c3+ 41. Kc1 Nd4 42. a7 1-0

[Event "Cto Aragón Ajedrez Equipos DH Gr I"]
[Site "Aragon"]
[Date "2015.01.31"]
[Round "2.9"]
[White "Moreno Gracia, Daniel"]
[Black "Lana Rodriguez, David"]
[Result "1-0"]
[WhiteElo "2341"]
[BlackElo "2254"]
[PlyCount "169"]
[EventDate "2015.01.24"]
[WhiteTeam "St. Casablanca B"]
[BlackTeam "Agrupacion"]

1. e3 e5 2. b3 g6 3. Bb2 Bg7 4. Nf3 d6 5. d4 exd4 6. Bxd4 Nf6 7. Bd3 Nc6 8. Bb2
O-O 9. O-O Qe7 10. Nbd2 b6 11. Qe2 Nb4 12. Rfe1 Bb7 13. a3 Nxd3 14. cxd3 Rfe8
15. Rac1 Ba6 16. b4 Nd5 17. Bxg7 Kxg7 18. Nc4 c5 19. Qb2+ Kg8 20. Nfd2 Rad8 21.
d4 Bxc4 22. Nxc4 Rc8 23. bxc5 dxc5 24. e4 cxd4 25. Qxd4 Nf4 26. Qe3 b5 27. Qxf4
Rxc4 28. Rxc4 bxc4 29. Qe3 Rd8 30. Qc3 Qc5 31. Rc1 Rd4 32. Rb1 Qd6 33. f3 Rd1+
34. Rxd1 Qxd1+ 35. Kf2 Qb3 36. Qb4 h5 37. h4 Qd3 38. Qb8+ Kg7 39. Qe5+ Kh7 40.
Qe7 Qd4+ 41. Kg3 Kg8 42. e5 c3 43. Qc7 Qe3 44. Qd8+ Kh7 45. Qf6 Qh6 46. Qxf7+
Qg7 47. Qd5 Qc7 48. Qd6 Qxd6 49. exd6 c2 50. d7 c1=Q 51. d8=Q Qxa3 52. Qd7+ Kg8
53. Qe6+ Kg7 54. Qd7+ Kf6 55. Qd4+ Kf7 56. Qd5+ Ke7 57. Qg5+ Kf7 58. Qd5+ Kg7
59. Qe5+ Kh7 60. Qc7+ Kg8 61. Qc4+ Kf8 62. Qf4+ Ke7 63. Qe4+ Kd7 64. Qxg6 a5
65. Qxh5 a4 66. Qb5+ Ke6 67. Qe8+ Kf6 68. h5 Qd6+ 69. f4 a3 70. Qg6+ Ke7 71.
Qg7+ Ke6 72. h6 Qd3+ 73. Kh4 Qd8+ 74. Kh5 Qd5+ 75. Kh4 Qd8+ 76. Kg3 Qf6 77.
Qg8+ Kd6 78. h7 a2 79. h8=Q a1=Q 80. Qb8+ Kd5 81. Qxf6 Qxf6 82. Qe5+ Qxe5 83.
fxe5 Kxe5 84. Kg4 Kf6 85. Kh5 1-0